Variación morfométrica en el murciélago Sturnira magna (<Chiroptera: Phyllostomidae>) (Registro nro. 14931)

Detalles MARC
000 -CABECERA
Campo de control 003740000a22001210004500
090 ## - CLASIFICACIÓN LOCAL
Colección AS
Consecutivo Seriadas
041 0# - IDIOMA
Código de idioma para texto/pista de sonido o título separado
100 1# - ASIENTO PRINCIPAL--NOMBRE PERSONAL
Nombre personal Tamsitt, J. R.
245 10 - MENCION DE TITULO
Título Variación morfométrica en el murciélago Sturnira magna (<Chiroptera: Phyllostomidae>)
700 1# - ASIENTO SECUNDARIO - NOMBRE PERSONAL
Nombre personal Valdivieso, Darío
773 1# - Item fuente:
Título Caldasia
Especificación de materiales 45
Descripción física 71-75
Paginas del Articulo 742-760
Lugar, editorial y fecha de publicación 1986
Información sobre la relación 15
942 ## - ELEMENTOS ADICIONALES (KOHA)
Tipo de ítem Artículo

No hay ítems disponibles.